Recenzia vedeckej monografie ocenenej Cenou EU za rok 2003 Husár, J.: Aplikovaná makroekonómia
Autor monografie Aplikovaná makroekonómia popisuje fungovanie ekonomického systému. Ponúka popis aj matematické vyjadrenie fundamentálnych ekonomických zákonov, ktorých skĺbením autor získal makroekonometrický model, ku konečnej podobe ktorého sa dostal v kapitole 10 postupným jeho zdokonaľovaním v...
Uložené v:
| Hlavný autor: | |
|---|---|
| Médium: | Kapitola |
| Jazyk: | Slovak |
| Predmet: | |
| Tagy: |
Žiadne tagy, Buďte prvý, kto otaguje tento záznam!
|
MARC
| LEADER | 00000naa$a2200000$$$4500 | ||
|---|---|---|---|
| 001 | 0010995 | ||
| 005 | 20230808081457.5 | ||
| 041 | 0 | |a slo | |
| 044 | |a SK | ||
| 245 | 1 | 0 | |a Recenzia vedeckej monografie ocenenej Cenou EU za rok 2003 Husár, J.: Aplikovaná makroekonómia |c rec. Mária Tokárová |
| 520 | |a Autor monografie Aplikovaná makroekonómia popisuje fungovanie ekonomického systému. Ponúka popis aj matematické vyjadrenie fundamentálnych ekonomických zákonov, ktorých skĺbením autor získal makroekonometrický model, ku konečnej podobe ktorého sa dostal v kapitole 10 postupným jeho zdokonaľovaním v priebehu objasňovania v predchádzajúcich kapitolách. Spôsob výkladu problémov spočíva v tom, že čitateľ postupne získava poznatky z bázických definícií makroekonómie a jej základných pojmov. | ||
| 610 | 2 | 0 | |a recenzie |
| 610 | 2 | 0 | |a monografie |
| 610 | 2 | 0 | |a makroekonomika |
| 610 | 2 | 0 | |a zákony ekonomické |
| 610 | 2 | 0 | |a systémy ekonomické |
| 610 | 2 | 0 | |a modely ekonometrické |
| 610 | 2 | 0 | |a pojmy |
| 100 | 1 | |a Tokárová, Mária | |